Právní a smluvní problémy v zahraničním obchodě

Hlavné problémy týkajúce sa obsahu kúpnych zmlúv a niektoré ďalšie problémy, ktoré s kontraktom úzko súvisia. Obchodné zvyklosti, právne normy. Kolízne právo (normy) a jurisdikcia. Predkupné právo a právo spätnej kúpy. Právo vlastnícke. Právo zadržovacie a zástavné. Zánik práva. Premlčanie. Plná moc...

Descripción completa

Guardado en:
Detalles Bibliográficos
Formato: Capítulo de libro
Lenguaje:checo
Materias:
Etiquetas: Agregar Etiqueta
Sin Etiquetas, Sea el primero en etiquetar este registro!

MARC

LEADER 00000naa a2200000 4500
001 r024182
005 20221213082824.9
041 0 |a cze 
044 |a CZ 
245 1 0 |a Právní a smluvní problémy v zahraničním obchodě 
520 |a Hlavné problémy týkajúce sa obsahu kúpnych zmlúv a niektoré ďalšie problémy, ktoré s kontraktom úzko súvisia. Obchodné zvyklosti, právne normy. Kolízne právo (normy) a jurisdikcia. Predkupné právo a právo spätnej kúpy. Právo vlastnícke. Právo zadržovacie a zástavné. Zánik práva. Premlčanie. Plná moc. Vyššia moc. Ochrana priemyslového vlastníctva. Zmluvné dohovory a doložky. Základné ustanovenia záväznosť návrhu a vznik zmluvy. Obsah zmluvných dohovorov. Všeobecné ustanovenia. Druhy zmlúv. 
610 2 0 |a právo obchodné 
610 2 0 |a zmluvy obchodné 
610 2 0 |a zmluvy kúpne 
610 2 0 |a kontraktácia 
610 2 0 |a obchod medzinárodný 
610 2 0 |a kontrakty